[Event "Loire-ch op 0405"]
[Site "Loire"]
[Date "2004.11.27"]
[Round "3"]
[White "Desassis, Maxence"]
[Black "Campoy, Jean"]
[Result "1-0"]
[WhiteElo "1380"]
[BlackElo "1450"]
[PlyCount "106"]
[EventDate "2004.10.16"]
[EventType "swiss"]
[EventRounds "9"]
[EventCountry "FRA"]
[SourceTitle "EXT 2008"]
[Source "ChessBase"]
[SourceDate "2007.11.25"]
[SourceVersion "1"]
[SourceVersionDate "2007.11.25"]
[SourceQuality "1"]

1. d4 d5 2. Nf3 e6 3. e3 Nf6 4. Bd3 Nc6 5. b3 Bb4+ 6. c3 Be7 7. Nbd2 0-0 8. Bb2 Bd7 9. Qc2 g6 10. Rc1 Bd6 11. c4 Nb4 12. Qc3 Nxa2 13. Qc2 Nxc1 14. Qxc1 Bb4 15. cxd5 Nxd5 16. 0-0 Bxd2 17. Qxd2 Bc6 18. Ba3 Re8 19. Ne5 Bd7 20. Nxd7 Qxd7 21. e4 Nf6 22. Qg5 Qd8 23. Bb2 Nh5 24. Qb5 Nf4 25. Bc4 Rb8 26. g3 c6 27. Qe5 f6 28. Qxf4 b5 29. Be2 Rf8 30. Rc1 Qd7 31. e5 f5 32. Bf3 Rbc8 33. Ba3 a5 34. Bxf8 Kxf8 35. Qd2 a4 36. bxa4 bxa4 37. Qb4+ Kg7 38. Qxa4 Qe7 39. Rxc6 Rxc6 40. Qxc6 g5 41. Qb7 Kf8 42. Qxe7+ Kxe7 43. Kf1 g4 44. Ba8 Kd7 45. d5 exd5 46. Bxd5 Ke7 47. f4 gxf3 48. Bxf3 Ke6 49. Ke2 Kxe5 50. h4 h6 51. Ke3 Kf6 52. Kf4 Kg6 53. Bd1 Kf6 1-0

[Event "Loire-ch op"]
[Site "Loire"]
[Date "2004.05.15"]
[Round "8"]
[White "Gidrol, Thibault"]
[Black "Campoy, Jean"]
[Result "0-1"]
[WhiteElo "1440"]
[BlackElo "1440"]
[PlyCount "78"]
[EventDate "2004.01.10"]
[EventType "swiss"]
[EventRounds "9"]
[EventCountry "FRA"]
[SourceTitle "EXT 2008"]
[Source "ChessBase"]
[SourceDate "2007.11.25"]
[SourceVersion "1"]
[SourceVersionDate "2007.11.25"]
[SourceQuality "1"]

1. e4 e5 2. Nf3 Nc6 3. Nc3 d6 4. h3 Nf6 5. Be2 Be7 6. 0-0 0-0 7. d4 exd4 8. Nxd4 Ne5 9. Bf4 a6 10. Nf3 Ng6 11. Qd2 Nd7 12. Bg5 h6 13. Bxe7 Qxe7 14. Bc4 Nge5 15. Nxe5 Nxe5 16. Bb3 Qg5 17. Qe2 Bxh3 18. g3 Qg6 19. Rfd1 Bg4 20. Rxd6 cxd6 21. Qe3 Bf3 22. Qf4 Qh5 23. Qh4 Bg4 24. Nd5 Nf3+ 25. Kg2 Nxh4+ 26. gxh4 Qxh4 27. Rh1 Bf3+ 28. Kxf3 Qxh1+ 29. Ke2 Qh5+ 30. f3 Qe5 31. c3 Kh8 32. Ke3 f5 33. f4 Qxe4+ 34. Kd2 Qg2+ 35. Kc1 Rae8 36. a3 Re1+ 37. Bd1 Qxd5 38. Kb1 Rxd1+ 39. Kc2 Re8 0-1

[Event "Loire-ch op"]
[Site "Loire"]
[Date "2004.03.20"]
[Round "5"]
[White "Megnot, Philippe"]
[Black "Campoy, Jean"]
[Result "0-1"]
[WhiteElo "1150"]
[BlackElo "1440"]
[PlyCount "108"]
[EventDate "2004.01.10"]
[EventType "swiss"]
[EventRounds "9"]
[EventCountry "FRA"]
[SourceTitle "EXT 2008"]
[Source "ChessBase"]
[SourceDate "2007.11.25"]
[SourceVersion "1"]
[SourceVersionDate "2007.11.25"]
[SourceQuality "1"]

1. d4 d5 2. Nc3 e6 3. Nf3 Nc6 4. e3 Be7 5. a3 Nf6 6. Bd3 0-0 7. b4 a6 8. Bb2 Nd7 9. 0-0 f5 10. Bc1 Nf6 11. Na4 b6 12. Nb2 Bd7 13. c4 Ne4 14. cxd5 exd5 15. Qb3 Be6 16. Nd1 Bf6 17. b5 Na5 18. Qb2 axb5 19. Bxb5 Nd6 20. Bd2 Nac4 21. Bxc4 Nxc4 22. Qc2 Rxa3 23. Nc3 Qa8 24. Rxa3 Qxa3 25. Nb5 Qe7 26. Rb1 Qd7 27. h3 f4 28. exf4 Bf5 29. Qc3 Bxb1 30. Ne5 Qxb5 31. Nxc4 Qxc4 32. Qe3 Qc6 33. g4 Re8 34. Qb3 Re2 35. Be3 Be4 36. g5 Be7 37. Qd1 Qc2 38. Qa1 Qa2 39. Qc3 Qb1+ 40. Kh2 Qh1+ 41. Kg3 h5 42. Qxc7 Qf3+ 43. Kh4 Bf8 44. Qd7 Rxe3 45. fxe3 Qf2+ 46. Kxh5 g6+ 47. Kg4 Qf3+ 48. Kh4 Qf2+ 49. Kg4 Bf5+ 50. Qxf5 gxf5+ 51. Kxf5 Qxe3 52. h4 Qxd4 53. h5 Qe4+ 54. Kf6 Qxf4+ 0-1

[Event "Loire-ch op"]
[Site "Loire"]
[Date "2004.03.06"]
[Round "3"]
[White "Mialon, Franck"]
[Black "Campoy, Jean"]
[Result "0-1"]
[WhiteElo "1290"]
[BlackElo "1440"]
[PlyCount "26"]
[EventDate "2004.01.10"]
[EventType "swiss"]
[EventRounds "9"]
[EventCountry "FRA"]
[SourceTitle "EXT 2008"]
[Source "ChessBase"]
[SourceDate "2007.11.25"]
[SourceVersion "1"]
[SourceVersionDate "2007.11.25"]
[SourceQuality "1"]

1. e4 e5 2. f4 d6 3. d3 Nf6 4. f5 Be7 5. Bg5 Nc6 6. Nc3 0-0 7. Bxf6 Bxf6 8. Qh5 g6 9. fxg6 fxg6 10. Qe2 Nd4 11. Qd2 Bg5 12. Qd1 Qf6 13. Be2 Qf2# 0-1